LEADER 00870nam1 2200325 450 001 990005810180203316 005 20130220130442.0 035 $a000581015 035 $aUSA01000581015 035 $a(ALEPH)000581018USA01 035 $a000581015 100 $a20130220d1973----km-y0itay50------ba 101 $aeng 102 $aGB 105 $a||||||||001yy 200 1 $a<> lord of the rings$fJ.R.R. Tolkien 210 $aNew York$cBallantine Books$d1973 215 $a3 volumi$d18 cm 606 0 $2BNCF 676 $a823 700 1$aTOLKIEN,$bJohn Ronald Reuel$0163552 801 0$aIT$bsalbc$gISBD 912 $a990005810180203316 951 $aVII.3.A. 2263$cVII.3.A. 959 $aBK 969 $aUMA 979 $aCHIARA$b90$c20130220$lUSA01$h1245 979 $aCHIARA$b90$c20130220$lUSA01$h1304 996 $aLord of the rings$992746 997 $aUNISA LEADER 01010nam0 2200277 450 001 000037157 005 20141106103758.0 100 $a20140630d1914----km-y0itaa50------ba 101 0 $afre 102 $aFR 200 1 $aNadau, Nadau!$erecueil de Noëls Béarnais ex gascons anciens et modernes 210 $aPau$cBouts de la terre$d1914 215 $apaginazione non numerata$cill.$d26 cm. 300 $aContiene spartiti e i testi dei canti 606 1 $aCanti natalizi 676 $a782.22$v(22. ed.)$9Musica vocale. Forme vocali sacre 801 0$aIT$bUniversità della Basilicata - B.I.A.$gREICAT$2unimarc 912 $a000037157 996 $aNadau, Nadau$9102333 997 $aUNIBAS CAT $aSTD097$b01$c20140630$lBAS01$h1359 CAT $aTTM$b30$c20141106$lBAS01$h1037 CAT $aBATCH$b00$c20180801$lBAS01$h1239 FMT Z30 -1$lBAS01$LBAS01$mBOOK$1BASA1$APolo Storico-Umanistico$2FROS$BFondo Rostirolla$3FRost/2762$62762$5D2762$820140630$f98$FConsultazione all $aall $n0009204